000 01130nam0a2200301 4500
001 RU\NLR\bibl\1146724
005 20260406000725.0
010 _a978-5-222-11333-2
_93000
021 _aRU
_b2007-64121
_93423
035 _a(NLR Aleph) 001133541
090 _a1373028
_c1373028
100 _a20071029d2007 |||y0rusy50 ca
101 0 _arus
102 _aRU
105 _aa |||||||||
200 1 _aОбщая психология в вопросах и ответах
_fФ.Р. Филатов
210 _aРостов-на-Дону
_cФеникс
_d2007
215 _a541 с.
_cил.
_d21
225 1 _aСерия "Высшее образование"
320 _aБиблиогр.: с. 531-536 (103 назв.)
606 1 _aПсихология
_jУчебные издания для высших учебных заведений
_9931820
_3RU\NLR\auth\6624683
686 _aЮ93я73
700 1 _4070
_8rus
_7ca
_aФилатов
_bФ. Р.
_gФилипп Робертович
_3RU\NLR\auth\77110276
_993201
801 0 _aRU
_bNLR
_c20071029
_gRCR
801 1 _aRU
_bNLR
_c20071029
942 _cBOOK
980 _aNB